00489nam a2200193 a 4500001001300000003000900013005001700022008004100039020001000080082001500090100001600105245002900121260004700150300000800197500003500205505001100240650002800251700001600279nice12345678IN_TiNIC20260116011659.0050524s1969 mada grp 000 0 eng  ac10000a230.1bTHO aThomas, T K aImpact and the Challenge aMadrasbChristian Literature Societyc1969 a93p aincludes index and biblioraphy2 aNodtes aGandhi and Christianity1 aThomas, T K